• 首页
  • 本馆介绍
  • 公告通知
  • 最新文献
  • 馆藏检索
  • 电子资源
  • 读者导购
  • 参考咨询
  • 我的图书馆
  • 登录
  • 详细信息显示
  • 放入我的书架
  • 预约/预借图书
  • 作者相关作品
  • 分类相关作品
  • 丛书相关作品
  • 出版社相关作品

书目信息

  • 表格格式
  • 工作单格式
  • 卡片格式
题名:
文学评论丛刊
    
 
作者: ;《文学评论》编辑部 编
分册: 第一辑  
出版信息: 北京   中国社会科学出版社  1978.07
页数: 325页
开本: 20cm
丛书名:
单 册:
中图分类: Z62
科图分类:
主题词: 期刊--中国 , 连续出版物--中国
电子资源:
ISBN:
000 00621nam0 2200217 45
001 0306241693
005 20031219104011.5
010    @dCNY0.78
091    @a10190.001
100    @a20030624d1978 km y0chiy0120 ea
101 0  @achi
105    @a z 000zy
200 1  @a文学评论丛刊@h第一辑@AWen Xue Ping Lun Cong Kan@f《文学评论》编辑部编@F《Wen Xue Ping Lun》Bian Ji Bu Bian
210    @a北京@c中国社会科学出版社@d1978.07
215    @a325页@d20cm
606 0  @a期刊@x中国
606 0  @a连续出版物@x中国
690    @aZ62@v3
711 02 @a《文学评论》编辑部@4编
801    @aCN@bTSTC@c20030624
905    @f1@b4950@dZ62@e1
    
    文学评论丛刊.第一辑/《文学评论》编辑部编.-北京:中国社会科学出版社,1978.07
    325页;20cm
    
    
    ISBN :CNY0.78
    
●
相关链接 在E读中查询图书 在五车中查询图书 在当当中查询图书 在豆瓣中查询图书


正题名:文学评论丛刊     索取号:Z62/1         预约/预借

序号 登录号 条形码 馆藏地/架位号 状态 备注
1 0004950   001830647   密集书库/ [索取号:Z62/1] 在馆    
唐山师范学院图书馆 欢迎您!
大连网信软件有限公司© 版权所有